000 00538cam a22002051 4500
001 ca 24000515
003 DLC
005 20260227111112.0
008 810316s1923 scu 000 0 eng
010 _aca 24000515
035 _a(OCoLC)7227552
040 _aDLC
_cScU
_dScU
_dDLC
042 _apremarc
050 0 0 _aPS3503.A5523
_bC5 1923
100 1 _aBaldwin, George,
_d1867-
245 1 0 _aChristmas musings,
_cby George Baldwin.
260 _aColumbia, S.C.,
_bState Company,
_c1923.
300 _a44 p.
_c20 cm.
500 _aPoems.
999 _c15795
_d15795